000 00345 a2200169 4500
001 190178
020 _a85-08-07797-1
040 _cMagnum
100 _aDrewnick, Raul
240 1 0 _aRicardinho
_lpor
245 1 0 _aRicardinho
300 _a117
362 0 _a2002
440 1 _aÁtica
697 _aLITERATURA INFANTO-JUVENIL
942 _cBK
999 _c190178
_d190178